LEADER 01120nam a2200241 i 4500 001 000000155135 003 CaOOAMICUS 005 20061102000000.0 008 061102s2006 it u000 u ita u 013 $a132484 040 $aSeMil$bita 110 0 $aArcidiocesi di Milano : Centro di Pastorale Giovanile : Servizio per i giovani.$0(OLS)http://semarc/name/7702 245 10$aPer le strade del mondo /$cAricidiocesi di Milano, Pastorale Giovanile, Servizio Giovani. 260 $aMilano :$bCooperativa In Dialogo,$cCopyr. 2006. 300 $a125 p. ;$c22 cm. 490 0 $aScuola della Parola : l'ascolto delle Scritture 650 4$aPastorale giovanile - Chiesa cattolica.$0(OLS)http://semarc/subject/17279 830 0$aScuola della Parola : l'ascolto delle Scritture.$0(OLS)http://semarc/title/20449 850 $aSeMil 852 $aSeMil$W1$xVenegono$y1$m2F III 571$j106986$B106986$CSeMilBibl$Z2$F116475 $81 961 $aOmaggio: Pastorale giovanile 996 $6245$aPer le strade del mondo$9(OLS)http://semarc/title/227180 996 $6260$aMilano :$bCooperativa In Dialogo$9(OLS)http://semarc/publisher/32306 LEADER 00633nab a2200157 i 4500 001 000000304861 003 CaOOAMICUS 005 20180831172827.0 008 180831n xx uu u0 0mul r 013 $a12786 040 $aSeMil$bita 245 14$aThe Orion Center Bibliography of the Dead Sea Scrolls :$bJuly 2004-December 2004. 700 1 $aSharon, Nadav.$0(OLS)http://semarc/name/87331 700 1 $aClements, Ruth A.$0(OLS)http://semarc/name/87329 773 0 $t[SENZA TITOLO]. - Contiene.$gp.[141]-162$w()263272 996 $6245$aThe Orion Center Bibliography of the Dead Sea Scrolls :$bJuly 2004-December 2004.$9(OLS)http://semarc/title/380578